| 000 | 00741nam a2200181 a 4500 | ||
|---|---|---|---|
| 008 | 210301s2020 ||||||||||||||||| || u | ||
| 020 | _a9789211172560 | ||
| 050 | _aUNECE(02)2020/18 | ||
| 110 | _aUnited Nations Economic Commission for Europe (UNECE) | ||
| 245 | 1 | 0 |
_aPeople-smart sustainable cities _cBy United Nations Economic Commission for Europe(UNECE) |
| 260 |
_aGeneva _bUNITED NATIONS _c2020 |
||
| 300 | _axiii, 78 pages : illustrations | ||
| 650 | _aURBANIZATION--ENVIRONMENTAL ASPECTS | ||
| 650 | 0 | _aURBAN GEOGRAPHY | |
| 650 | _aURBAN ECOLOGY | ||
| 650 | 0 | _aSUSTAINABLE DEVELOPMENT | |
| 995 |
_FCBU-MAIN LIBRARY (Kitwe) _M1 _UAVAILABLE _WApr 7, 2021 _ZInternational Publications |
||
| 999 |
_c53308 _d53308 |
||